000 00737nam a2200205Ia 4500
999 _c39513
_d39513
001 6109
003 GE_BSU
005 20190919122442.0
008 181216s1984||||ge |||||||||||||| ||geo||
040 _cGE_BSU
041 _ageo
080 _a821.353.1-1 ა-87
100 _aასათიანი, ლადო
_94107
245 _aლექსები /
_cლადო ასათიანი ; რედ. რ. ორჯონიკიძე.
264 _aთბილისი :
_bსაბჭოთა საქართველო ;
_c1984.
300 _a144 გვ. ;
_c17 სმ.
653 _aლექსები
700 _aორჯონიკიძე, რ.
_eრედაქტორი
_94119
942 _cBK
_2udc